| 000 | 00441cam a2200181ua 4500 | ||
|---|---|---|---|
| 020 | _c1.75 | ||
| 041 |
_amal _h |
||
| 082 |
_a894.812809 _bEMJ/DO |
||
| 100 | _aE M J , Venniyoor . | ||
| 245 |
_aDoctor Faust-kathayum porulum / _cE M J Venniyoor. _hTextual Documents |
||
| 250 |
_a1 / _b. |
||
| 260 |
_aVenniyoor : _bE M J , _c1964. |
||
| 300 | _a128 ; . | ||
| 365 | _a1.75 | ||
| 504 | _a | ||
| 942 | _cBK | ||
| 999 |
_c11593 _d11593 |
||